Statistics for All Doctor Who Time Lord Stories

Click here to take the quiz!

General Stats

  • This quiz has been taken 10 times
  • The average score is 20 of 22

Answer Stats

DoctorWhenAnswer% Correct
13th Doctor2020Ascension of the Cybermen/The Timeless Children
100%
3rd Doctor1971Colony in Space
100%
12th Doctor2015Hell Bent
100%
3rd Doctor1971 (minor)Terror of the Autons
100%
11th Doctor2013The Day of the Doctor
100%
3rd Doctor1972-1973The Three Doctors
100%
2nd Doctor1969The War Games
100%
5th Doctor1983Arc of Infinity
90%
4th Doctor1975 (minor)Genesis of the Daleks
90%
4th Doctor1976The Deadly Assassin
90%
10th Doctor2009-2010The End of Time
90%
5th Doctor1983The Five Doctors
90%
4th Doctor1978The Invasion of Time
90%
10th Doctor2007 (minor)The Sound of Drums/Last of the Time Lords
90%
6th Doctor1986The Trial of a Time Lord: Mindwarp
90%
6th Doctor1986The Trial of a Time Lord: Terror of the Vervoids
90%
6th Doctor1986The Trial of a Time Lord: The Mysterious Planet
90%
6th Doctor1986The Trial of a Time Lord: The Ultimate Foe
90%
11th Doctor2013 (minor)The Name of the Doctor
80%
13th Doctor2020Fugitive of the Judoon
70%
12th Doctor2014 (minor)Listen
60%
11th Doctor2011 (mnior)The Doctor's Wife
60%

Score Distribution

Percentile by Number Answered

Percent of People with Each Score

Your Score History

You have not taken this quiz